[Event "13th World Teams Pool A"]
[Site "Jerusalem ISR"]
[Date "2022.11.20"]
[Round "2.3"]
[White "Lagarde, Maxime"]
[Black "Kevlishvili, Robby"]
[Result "0-1"]
[WhiteElo "2573"]
[BlackElo "2536"]
[PlyCount "84"]
[EventDate "2022.11.20"]
[SourceTitle "Ajedrez en Madrid"]
[Source "lmi"]
[SourceDate "2022.11.20"]
[SourceVersion "1"]
[SourceVersionDate "2022.11.25"]
[SourceQuality "1"]
[WhiteTeam "France"]
[BlackTeam "Netherlands"]
[WhiteTeamCountry "FRA"]
[BlackTeamCountry "NED"]

1. e4 c5 2. Nf3 d6 3. Bb5+ Nd7 4. d4 cxd4 5. Nxd4 Ngf6 6. O-O a6 7. Bd3 e6 8. c4 Be7 9. Nc3 O-O 10. Qe2 Ne5 11. Rd1 Qc7 12. Nf3 Bd7 13. Be3 Nxd3 14. Qxd3 b5 15. cxb5 axb5 16. a3 Qb7 17. Bg5 Rfd8 18. b4 h6 19. Bh4 Rac8 20. Nd2 Bc6 21. Nb3 g5 22. Na5 Qa8 23. Bg3 Bxe4 24. Nxe4 Nxe4 25. Re1 Bf6 26. Rad1 d5 27. f3 Nxg3 28. hxg3 Qb8 29. g4 Rc3 30. Qe2 Rdc8 31. Qf2 Rxa3 32. Rc1 Rxc1 33. Rxc1 Qf4 34. Rd1 Ra1 35. Rxa1 Bd4 36. Nc6 Bxf2+ 37. Kxf2 Qc4 38. Ra6 d4 39. Ne5 Qc2+ 40. Kg3 Qc7 41. f4 gxf4+ 42. Kxf4 f6 0-1

[Event "13th World Teams Pool A"]
[Site "Jerusalem ISR"]
[Date "2022.11.22"]
[Round "5.1"]
[White "Barrish, Daniel"]
[Black "Yuffa, Daniil"]
[Result "0-1"]
[WhiteElo "2257"]
[BlackElo "2587"]
[PlyCount "102"]
[EventDate "2022.11.20"]
[SourceTitle "Ajedrez en Madrid"]
[Source "lmi"]
[SourceDate "2022.11.20"]
[SourceVersion "1"]
[SourceVersionDate "2022.11.25"]
[SourceQuality "1"]
[WhiteTeam "South Africa"]
[BlackTeam "Spain"]
[WhiteTeamCountry "RSA"]
[BlackTeamCountry "ESP"]

1. d4 Nf6 2. c4 e6 3. Nc3 Bb4 4. Qc2 d6 5. e3 O-O 6. Bd3 e5 7. Nge2 Re8 8. a3 Bxc3+ 9. Qxc3 exd4 10. exd4 Bg4 11. f3 Bh5 12. O-O Bg6 13. Ng3 Nbd7 14. Bf4 a6 15. Rae1 Nf8 16. Bxg6 hxg6 17. d5 b5 18. b3 bxc4 19. bxc4 Rb8 20. Ne2 Nh5 21. Be3 Nd7 22. Nd4 Qf6 23. Qd2 Ne5 24. Rc1 Qe7 25. Rfe1 Qd7 26. f4 Ng4 27. Nc6 Rb3 28. Bd4 Kh7 29. Rxe8 Qxe8 30. Re1 Rd3 31. Qc1 Qd7 32. h3 Nh6 33. Be3 Qf5 34. Nb4 Rb3 35. Nxa6 Qf6 36. Nxc7 Nf5 37. Bf2 Nfg3 38. Ne8 Qh4 39. Nxd6 Nxf4 40. Ne4 Nfe2+ 41. Kh2 Nxc1 42. Bxg3 Rxg3 43. Nxg3 Nd3 44. Re4 Qf6 45. Re3 Qd4 46. Re4 Qf2 47. Re2 Qf4 48. Re4 Qd6 49. Rd4 Nc5 50. Rg4 f5 51. Rh4+ Kg8 0-1

[Event "13th World Teams Pool B"]
[Site "Jerusalem ISR"]
[Date "2022.11.20"]
[Round "1.1"]
[White "Vidit, Santosh Gujrathi"]
[Black "Rodshtein, Maxim"]
[Result "1/2-1/2"]
[WhiteElo "2724"]
[BlackElo "2618"]
[PlyCount "104"]
[EventDate "2022.11.20"]
[SourceTitle "Ajedrez en Madrid"]
[Source "lmi"]
[SourceDate "2022.11.20"]
[SourceVersion "1"]
[SourceVersionDate "2022.11.25"]
[SourceQuality "1"]
[WhiteTeam "India"]
[BlackTeam "Israel"]
[WhiteTeamCountry "IND"]
[BlackTeamCountry "ISR"]

1. d4 Nf6 2. c4 e6 3. Nf3 d5 4. Nc3 c6 5. Bg5 Nbd7 6. e3 Qa5 7. cxd5 Nxd5 8. Rc1 Nxc3 9. bxc3 Ba3 10. Rc2 b6 11. Be2 Ba6 12. O-O Bxe2 13. Rxe2 O-O 14. e4 Rfe8 15. e5 Qxc3 16. Re3 Qa5 17. Nd2 Be7 18. Bxe7 Rxe7 19. Ne4 Rf8 20. Qh5 Qd5 21. Rfe1 f6 22. Rh3 g6 23. Qh4 Ref7 24. exf6 Qxd4 25. Ng5 Qxh4 26. Rxh4 Nxf6 27. Nxf7 Kxf7 28. g4 Rd8 29. g5 Nh5 30. Ra4 Rd7 31. Re3 Ke7 32. Rea3 a5 33. Rb3 b5 34. Rxa5 Nf4 35. h4 Kd6 36. a4 bxa4 37. Rxa4 e5 38. f3 Kd5 39. Kf2 c5 40. Ke3 Ng2+ 41. Kf2 Nf4 42. Rb1 Ne6 43. Rba1 Rf7 44. Ra7 Rf4 45. Rxh7 Nd4 46. h5 Rxf3+ 47. Kg2 Rf5 48. h6 Rxg5+ 49. Kf2 Rf5+ 50. Kg2 Rg5+ 51. Kf2 Rf5+ 52. Kg2 Rg5+ 1/2-1/2

[Event "13th World Teams Pool B"]
[Site "Jerusalem ISR"]
[Date "2022.11.20"]
[Round "1.1"]
[White "Nabaty, Tamir"]
[Black "Nihal, Sarin"]
[Result "1/2-1/2"]
[WhiteElo "2629"]
[BlackElo "2670"]
[PlyCount "88"]
[EventDate "2022.11.20"]
[SourceTitle "Ajedrez en Madrid"]
[Source "lmi"]
[SourceDate "2022.11.20"]
[SourceVersion "1"]
[SourceVersionDate "2022.11.25"]
[SourceQuality "1"]
[WhiteTeam "Israel"]
[BlackTeam "India"]
[WhiteTeamCountry "ISR"]
[BlackTeamCountry "IND"]

1. d4 d5 2. Bf4 c5 3. e3 cxd4 4. exd4 Nc6 5. Bb5 Nf6 6. Nf3 Qa5+ 7. Nc3 Bg4 8. h3 Bxf3 9. Qxf3 e6 10. a3 Rc8 11. O-O Be7 12. Be3 Qb6 13. Bd3 O-O 14. Ne2 Rfe8 15. b3 Qd8 16. Rfd1 a6 17. Nf4 g6 18. g4 Bf8 19. Qg2 Bg7 20. c4 dxc4 21. Bxc4 b5 22. Be2 Ne7 23. a4 Ned5 24. axb5 Nc3 25. Re1 Nxe2+ 26. Rxe2 axb5 27. Qb7 Nd5 28. Nxd5 Qxd5 29. Ra7 Qxb7 30. Rxb7 Red8 31. Rd2 Rd5 32. Kg2 h5 33. gxh5 gxh5 34. Ra2 Rcd8 35. Raa7 Rf5 36. Rd7 Rxd7 37. Rxd7 Kh7 38. Rc7 Kg6 39. Rc5 Bf8 40. Rc8 Bg7 41. f4 Rd5 42. Rc5 Bf8 43. Rc8 Bg7 44. Rc5 Bf8 1/2-1/2

[Event "13th World Teams Pool B"]
[Site "Jerusalem ISR"]
[Date "2022.11.20"]
[Round "1.1"]
[White "Sethuraman, S.P."]
[Black "Boruchovsky, Avital"]
[Result "1/2-1/2"]
[WhiteElo "2643"]
[BlackElo "2552"]
[PlyCount "160"]
[EventDate "2022.11.20"]
[SourceTitle "Ajedrez en Madrid"]
[Source "lmi"]
[SourceDate "2022.11.20"]
[SourceVersion "1"]
[SourceVersionDate "2022.11.25"]
[SourceQuality "1"]
[WhiteTeam "India"]
[BlackTeam "Israel"]
[WhiteTeamCountry "IND"]
[BlackTeamCountry "ISR"]

1. e4 e5 2. Nf3 Nc6 3. Bb5 a6 4. Ba4 Nf6 5. d3 b5 6. Bb3 Be7 7. O-O Bb7 8. a4 O-O 9. Nc3 Na5 10. Bd5 c6 11. Ba2 b4 12. Ne2 Qc7 13. Ng3 d5 14. Bg5 dxe4 15. dxe4 c5 16. Qe1 h6 17. Bxf6 Bxf6 18. Rd1 Rad8 19. Bd5 Bc8 20. Qe2 c4 21. Rfe1 c3 22. b3 Rd6 23. Nf1 Rfd8 24. Ne3 Qe7 25. g3 g6 26. h4 h5 27. Rd3 Kg7 28. Red1 R6d7 29. Rf1 Qc5 30. Rdd1 Rd6 31. Ng5 Bxg5 32. hxg5 Bh3 33. Rfe1 Nc6 34. Qf3 R8d7 35. Bxc6 Qxc6 36. Rd5 Rxd5 37. exd5 Qd6 38. Qe4 Re7 39. Nc4 Qc5 40. Ne3 Qd4 41. Qf3 e4 42. Qf4 Qe5 43. Rd1 Bd7 44. a5 Re8 45. Qxe5+ Rxe5 46. Rd4 Rxg5 47. Rxe4 Bb5 48. Rxb4 Kf8 49. Re4 f6 50. Kg2 Re5 51. Rxe5 fxe5 52. Kf3 Ke7 53. Ke4 Kf6 54. Nc4 g5 55. Nxe5 h4 56. Ng4+ Ke7 57. Nh2 h3 58. Kd4 Kd6 59. Kxc3 Kxd5 60. Kd2 Ke4 61. f3+ Ke5 62. Ke3 Bd7 63. c4 Be6 64. Kd3 Bf5+ 65. Kc3 Bd7 66. b4 Bc6 67. Kd3 Bd7 68. Ke3 Be6 69. Kd3 Bd7 70. Nf1 Bf5+ 71. Ke3 Be6 72. Kd3 Bf5+ 73. Kc3 Bd7 74. Nh2 Bc6 75. Kd3 Bd7 76. Ke3 Be6 77. Kd3 Bf5+ 78. Kc3 Bd7 79. Kd3 Bf5+ 80. Ke3 Be6 1/2-1/2

[Event "13th World Teams Pool B"]
[Site "Jerusalem ISR"]
[Date "2022.11.20"]
[Round "1.1"]
[White "Kobo, Ori"]
[Black "Gupta, Abhijeet"]
[Result "1/2-1/2"]
[WhiteElo "2554"]
[BlackElo "2616"]
[PlyCount "77"]
[EventDate "2022.11.20"]
[SourceTitle "Ajedrez en Madrid"]
[Source "lmi"]
[SourceDate "2022.11.20"]
[SourceVersion "1"]
[SourceVersionDate "2022.11.25"]
[SourceQuality "1"]
[WhiteTeam "Israel"]
[BlackTeam "India"]
[WhiteTeamCountry "ISR"]
[BlackTeamCountry "IND"]

1. e4 c5 2. Nf3 d6 3. d4 cxd4 4. Qxd4 Nc6 5. Bb5 Bd7 6. Qd3 g6 7. O-O Bg7 8. c4 Nf6 9. Nc3 O-O 10. h3 a6 11. Bxc6 Bxc6 12. Nd4 Rc8 13. Be3 Nd7 14. Rac1 Nc5 15. Qc2 Ne6 16. Nxe6 fxe6 17. Ne2 Qa5 18. Nd4 Bd7 19. Qb3 Bxd4 20. Bxd4 Qa4 21. Qxa4 Bxa4 22. f3 Kf7 23. b3 Bd7 24. Rfd1 Rc6 25. a4 b6 26. Be3 Rfc8 27. Rb1 e5 28. Kf2 Be6 29. Rdc1 Ke8 30. Ke2 Kd7 31. h4 h5 32. Kd2 b5 33. cxb5 Rxc1 34. Rxc1 Rxc1 35. Kxc1 axb5 36. axb5 Bxb3 37. Kd2 Bc4 38. b6 Kc6 39. Ke1 1/2-1/2

[Event "13th World Teams Pool B"]
[Site "Jerusalem ISR"]
[Date "2022.11.20"]
[Round "1.2"]
[White "Wojtaszek, Radoslaw"]
[Black "Niemann, Hans Moke"]
[Result "1/2-1/2"]
[WhiteElo "2686"]
[BlackElo "2699"]
[PlyCount "107"]
[EventDate "2022.11.20"]
[SourceTitle "Ajedrez en Madrid"]
[Source "lmi"]
[SourceDate "2022.11.20"]
[SourceVersion "1"]
[SourceVersionDate "2022.11.25"]
[SourceQuality "1"]
[WhiteTeam "Poland"]
[BlackTeam "United States"]
[WhiteTeamCountry "POL"]
[BlackTeamCountry "USA"]

1. c4 Nf6 2. Nc3 e5 3. Nf3 Nc6 4. g3 d5 5. cxd5 Nxd5 6. Bg2 Nb6 7. O-O Be7 8. a3 O-O 9. b4 Be6 10. Rb1 f6 11. b5 Nd4 12. e3 Nxf3+ 13. Bxf3 Rb8 14. d4 exd4 15. exd4 Bf7 16. Re1 Re8 17. a4 Qd7 18. Bf4 Nc4 19. Bg4 f5 20. Bf3 g5 21. Be5 Nxe5 22. dxe5 Qxd1 23. Rexd1 g4 24. Bg2 Bg5 25. Rd7 Rxe5 26. Rxc7 Re7 27. Rxe7 Bxe7 28. Nd5 Bg5 29. b6 axb6 30. Nxb6 Be6 31. Bd5 Bxd5 32. Nxd5 Ra8 33. h4 gxh3 34. Rxb7 Ra5 35. Rd7 Kf8 36. f4 Ke8 37. Rd6 Bd8 38. Kh2 Rxa4 39. Kxh3 Ra3 40. Re6+ Kf7 41. Re5 Kg6 42. Re8 Ba5 43. Re6+ Kg7 44. Ra6 Kf7 45. Rf6+ Kg7 46. Rxf5 Be1 47. Rg5+ Kf7 48. f5 h6 49. Rg6 Rf3 50. Rf6+ Kg7 51. Rg6+ Kf7 52. Rf6+ Kg7 53. Rg6+ Kf7 54. Rf6+ 1/2-1/2

[Event "13th World Teams Pool B"]
[Site "Jerusalem ISR"]
[Date "2022.11.20"]
[Round "1.2"]
[White "Bruzon Batista, Lazaro"]
[Black "Piorun, Kacper"]
[Result "1/2-1/2"]
[WhiteElo "2615"]
[BlackElo "2611"]
[PlyCount "66"]
[EventDate "2022.11.20"]
[SourceTitle "Ajedrez en Madrid"]
[Source "lmi"]
[SourceDate "2022.11.20"]
[SourceVersion "1"]
[SourceVersionDate "2022.11.25"]
[SourceQuality "1"]
[WhiteTeam "United States"]
[BlackTeam "Poland"]
[WhiteTeamCountry "USA"]
[BlackTeamCountry "POL"]

1. d4 Nf6 2. c4 e6 3. Nf3 b6 4. Nc3 Bb4 5. e3 O-O 6. Bd3 d5 7. O-O dxc4 8. Bxc4 Bb7 9. Qe2 Nbd7 10. Rd1 Qe7 11. a3 Bxc3 12. bxc3 c5 13. a4 Ne4 14. Bb2 Rfc8 15. Rac1 Nd6 16. Bd3 e5 17. Nxe5 Nxe5 18. dxe5 Qxe5 19. c4 Qg5 20. e4 Re8 21. f3 f5 22. e5 Nf7 23. f4 Qxf4 24. Rf1 Qg4 25. Qxg4 fxg4 26. Bxh7+ Kxh7 27. Rxf7 Bc8 28. e6 Bxe6 29. Rxg7+ Kh6 30. Rc7 Rec8 31. Re7 Re8 32. Rc7 Rec8 33. Re7 Re8 1/2-1/2

[Event "13th World Teams Pool B"]
[Site "Jerusalem ISR"]
[Date "2022.11.20"]
[Round "1.2"]
[White "Bartel, Mateusz"]
[Black "Onischuk, Alexander"]
[Result "1/2-1/2"]
[WhiteElo "2627"]
[BlackElo "2640"]
[PlyCount "77"]
[EventDate "2022.11.20"]
[SourceTitle "Ajedrez en Madrid"]
[Source "lmi"]
[SourceDate "2022.11.20"]
[SourceVersion "1"]
[SourceVersionDate "2022.11.25"]
[SourceQuality "1"]
[WhiteTeam "Poland"]
[BlackTeam "United States"]
[WhiteTeamCountry "POL"]
[BlackTeamCountry "USA"]

1. e4 e5 2. Nf3 Nc6 3. Bb5 a6 4. Ba4 Nf6 5. O-O Bc5 6. d3 d6 7. c3 b5 8. Bb3 h6 9. h3 O-O 10. Nbd2 Re8 11. Re1 Be6 12. Nf1 d5 13. exd5 Bxd5 14. Be3 Bf8 15. Ng3 Qd7 16. Ne4 Be7 17. Nfd2 Rad8 18. Nxf6+ Bxf6 19. Qh5 Be7 20. Ne4 Bxb3 21. axb3 f5 22. Nc5 Bxc5 23. Bxc5 a5 24. Qg6 Qe6 25. Qxe6+ Rxe6 26. d4 Kf7 27. dxe5 Rd2 28. f4 g5 29. Rad1 Rxd1 30. Rxd1 gxf4 31. Rd7+ Kg6 32. Rxc7 Nxe5 33. Kf2 Nd3+ 34. Kf3 Re4 35. Bd4 Ne1+ 36. Kf2 Nd3+ 37. Kf3 Ne1+ 38. Kf2 Nd3+ 39. Kf3 1/2-1/2

[Event "13th World Teams Pool B"]
[Site "Jerusalem ISR"]
[Date "2022.11.20"]
[Round "1.2"]
[White "Akobian, Varuzhan"]
[Black "Gumularz, Szymon"]
[Result "1-0"]
[WhiteElo "2591"]
[BlackElo "2561"]
[PlyCount "135"]
[EventDate "2022.11.20"]
[SourceTitle "Ajedrez en Madrid"]
[Source "lmi"]
[SourceDate "2022.11.20"]
[SourceVersion "1"]
[SourceVersionDate "2022.11.25"]
[SourceQuality "1"]
[WhiteTeam "United States"]
[BlackTeam "Poland"]
[WhiteTeamCountry "USA"]
[BlackTeamCountry "POL"]

1. d4 Nf6 2. c4 e6 3. Nc3 d5 4. cxd5 exd5 5. Bg5 c6 6. e3 h6 7. Bh4 Be7 8. Bd3 O-O 9. Qc2 Re8 10. Nf3 Ne4 11. Bxe7 Qxe7 12. O-O Nd7 13. Rab1 Ndf6 14. b4 Nxc3 15. Qxc3 Ne4 16. Qc2 Nd6 17. a4 Be6 18. Rfc1 Rac8 19. Ne5 a6 20. Qc5 Qd8 21. h3 f6 22. Ng6 Qd7 23. Qc2 Bf5 24. Bxf5 Nxf5 25. Nf4 Nd6 26. Qd3 Qf7 27. Ne2 b5 28. Ra1 Nc4 29. Qc2 Qe7 30. Qc3 Rb8 31. Nf4 a5 32. Nd3 axb4 33. Nxb4 Qd6 34. axb5 Rxb5 35. Na6 f5 36. Nc5 Rb2 37. Nd3 Rb7 38. Rab1 Rf7 39. Rb3 g5 40. Nb2 Nxb2 41. Rxb2 Rf6 42. Rb6 Ree6 43. Qb3 Qd7 44. Rb7 Qd6 45. Ra1 Re7 46. Rxe7 Qxe7 47. Qb6 Qe6 48. Qc7 Rf7 49. Ra8+ Kg7 50. Qd8 Kg6 51. Qg8+ Kh5 52. Rf8 Re7 53. Qxe6 Rxe6 54. Rxf5 Kg6 55. g4 Re8 56. Re5 Rxe5 57. dxe5 Kf7 58. f4 Ke6 59. Kf2 gxf4 60. exf4 d4 61. h4 c5 62. h5 c4 63. Ke2 Kd5 64. g5 d3+ 65. Kd2 Kd4 66. e6 c3+ 67. Kd1 d2 68. Kc2 1-0

[Event "13th World Teams Pool B"]
[Site "Jerusalem ISR"]
[Date "2022.11.20"]
[Round "1.3"]
[White "Mamedyarov, Shakhriyar"]
[Black "Yakubboev, Nodirbek"]
[Result "1-0"]
[WhiteElo "2741"]
[BlackElo "2667"]
[PlyCount "97"]
[EventDate "2022.11.20"]
[SourceTitle "Ajedrez en Madrid"]
[Source "lmi"]
[SourceDate "2022.11.20"]
[SourceVersion "1"]
[SourceVersionDate "2022.11.25"]
[SourceQuality "1"]
[WhiteTeam "Azerbaijan"]
[BlackTeam "Uzbekistan"]
[WhiteTeamCountry "AZE"]
[BlackTeamCountry "UZB"]

1. d4 Nf6 2. c4 g6 3. g3 c6 4. Bg2 d5 5. cxd5 cxd5 6. Nc3 Bg7 7. Nf3 O-O 8. O-O Nc6 9. Ne5 Bf5 10. Nxc6 bxc6 11. Bf4 Nd7 12. Qd2 e5 13. dxe5 Nxe5 14. b3 Re8 15. Rac1 Nd7 16. Rfe1 Rc8 17. e4 Bxc3 18. Qxc3 dxe4 19. h3 h5 20. Rcd1 Qf6 21. Qxf6 Nxf6 22. Rd4 Nd5 23. Bd2 Re6 24. Kh2 Rce8 25. b4 e3 26. Bxd5 exd2 27. Rxe6 Bxe6 28. Bxe6 Rxe6 29. Rxd2 Re4 30. a3 a5 31. bxa5 Ra4 32. Rd3 Rxa5 33. Kg2 Kg7 34. Kf3 Kf6 35. Re3 Rf5+ 36. Ke2 Rb5 37. Kd3 Rb2 38. Rf3+ Ke6 39. Kc3 Rb1 40. Kc4 g5 41. a4 Ra1 42. Kb4 f5 43. a5 c5+ 44. Kb5 c4 45. Kb4 Kd5 46. Ra3 Rb1+ 47. Kc3 Rc1+ 48. Kd2 Rf1 49. a6 1-0

[Event "13th World Teams Pool B"]
[Site "Jerusalem ISR"]
[Date "2022.11.20"]
[Round "1.3"]
[White "Sindarov, Javokhir"]
[Black "Radjabov, Teimour"]
[Result "1/2-1/2"]
[WhiteElo "2654"]
[BlackElo "2747"]
[PlyCount "108"]
[EventDate "2022.11.20"]
[SourceTitle "Ajedrez en Madrid"]
[Source "lmi"]
[SourceDate "2022.11.20"]
[SourceVersion "1"]
[SourceVersionDate "2022.11.25"]
[SourceQuality "1"]
[WhiteTeam "Uzbekistan"]
[BlackTeam "Azerbaijan"]
[WhiteTeamCountry "UZB"]
[BlackTeamCountry "AZE"]

1. e4 e5 2. Nf3 Nc6 3. Bc4 Bc5 4. d3 Nf6 5. Nc3 h6 6. h3 a6 7. O-O d6 8. a4 O-O 9. Be3 Bxe3 10. fxe3 Be6 11. Nd2 Nd7 12. a5 Qg5 13. Rf3 Ne7 14. d4 Bxc4 15. Nxc4 Rae8 16. Qd3 Qg6 17. Raf1 Rd8 18. Qe2 Nf6 19. Nd2 d5 20. exd5 exd4 21. exd4 Nexd5 22. Nxd5 Rxd5 23. Qc4 c6 24. Rb3 Rb5 25. Nf3 Nd5 26. Ne5 Qe4 27. Rxb5 axb5 28. Qd3 Qxd3 29. Nxd3 Ra8 30. Ra1 Kf8 31. Kf2 Ke7 32. Nc5 b6 33. axb6 Nxb6 34. Rxa8 Nxa8 35. Nd3 Kd6 36. b3 Nb6 37. Kf3 Nd7 38. c4 bxc4 39. bxc4 c5 40. Ke3 cxd4+ 41. Kxd4 Nb8 42. c5+ Ke6 43. Nb4 g5 44. Kc4 f5 45. c6 Kd6 46. Kb5 g4 47. hxg4 fxg4 48. g3 h5 49. Kb6 h4 50. c7 Nd7+ 51. Kb7 Nc5+ 52. Kb8 Nd7+ 53. Kb7 Nc5+ 54. Kb8 Nd7+ 1/2-1/2

[Event "13th World Teams Pool B"]
[Site "Jerusalem ISR"]
[Date "2022.11.20"]
[Round "1.3"]
[White "Mamedov, Rauf"]
[Black "Vokhidov, Shamsiddin"]
[Result "1-0"]
[WhiteElo "2646"]
[BlackElo "2568"]
[PlyCount "65"]
[EventDate "2022.11.20"]
[SourceTitle "Ajedrez en Madrid"]
[Source "lmi"]
[SourceDate "2022.11.20"]
[SourceVersion "1"]
[SourceVersionDate "2022.11.25"]
[SourceQuality "1"]
[WhiteTeam "Azerbaijan"]
[BlackTeam "Uzbekistan"]
[WhiteTeamCountry "AZE"]
[BlackTeamCountry "UZB"]

1. e4 c5 2. Nf3 d6 3. Bb5+ Nd7 4. c3 Ngf6 5. Qe2 a6 6. Ba4 b5 7. Bc2 Bb7 8. d4 e6 9. a4 Be7 10. e5 dxe5 11. dxe5 Nd5 12. O-O Qb6 13. Nbd2 Nf4 14. Qe3 Nd5 15. Qe1 Qc7 16. axb5 axb5 17. Rxa8+ Bxa8 18. c4 bxc4 19. Nxc4 N5b6 20. Nxb6 Nxb6 21. Qe2 O-O 22. Ng5 g6 23. h4 Bd5 24. Re1 Ra8 25. h5 Bf8 26. Qg4 Ra1 27. Bd2 Rxe1+ 28. Bxe1 Nc4 29. Bc3 Nxe5 30. hxg6 fxg6 31. Qh3 h5 32. Bxg6 Qg7 33. Bh7+ 1-0

[Event "13th World Teams Pool B"]
[Site "Jerusalem ISR"]
[Date "2022.11.20"]
[Round "1.3"]
[White "Vakhidov, Jakhongir"]
[Black "Suleymanli, Aydin"]
[Result "1-0"]
[WhiteElo "2607"]
[BlackElo "2543"]
[PlyCount "105"]
[EventDate "2022.11.20"]
[SourceTitle "Ajedrez en Madrid"]
[Source "lmi"]
[SourceDate "2022.11.20"]
[SourceVersion "1"]
[SourceVersionDate "2022.11.25"]
[SourceQuality "1"]
[WhiteTeam "Uzbekistan"]
[BlackTeam "Azerbaijan"]
[WhiteTeamCountry "UZB"]
[BlackTeamCountry "AZE"]

1. c4 e5 2. g3 Nf6 3. Bg2 Bc5 4. d3 c6 5. Nc3 O-O 6. Nf3 d6 7. O-O Re8 8. d4 exd4 9. Nxd4 a5 10. b3 Nbd7 11. Na4 Ne5 12. Bb2 Ba7 13. Qc2 d5 14. Rad1 Qe7 15. cxd5 Nxd5 16. Nc3 Nb4 17. Qb1 Bg4 18. h3 Rad8 19. Nf5 Bxf5 20. Qxf5 Qe6 21. Qxe6 fxe6 22. Be4 Rf8 23. a3 Nd5 24. Bc2 Nd7 25. Ne4 N7f6 26. Nxf6+ Nxf6 27. Bd3 Kf7 28. Kg2 Rd5 29. Bc4 Rxd1 30. Rxd1 Ke7 31. e3 Bc5 32. Rd2 g6 33. Rc2 Bd6 34. Be2 Ne4 35. Bf3 Nc5 36. Rc3 Be5 37. Rxc5 Bxb2 38. Rxa5 Kd6 39. b4 Kc7 40. h4 Rd8 41. Be4 Rd2 42. h5 Bc1 43. hxg6 hxg6 44. Bxg6 Ra2 45. Re5 Bxa3 46. Rxe6 Bxb4 47. g4 Ra8 48. g5 Bd6 49. f4 b5 50. Bf7 b4 51. Re4 Rf8 52. Bb3 Kd7 53. Kf3 1-0

[Event "13th World Teams Pool B"]
[Site "Jerusalem ISR"]
[Date "2022.11.20"]
[Round "2.1"]
[White "Rodshtein, Maxim"]
[Black "Yakubboev, Nodirbek"]
[Result "1/2-1/2"]
[WhiteElo "2618"]
[BlackElo "2667"]
[PlyCount "62"]
[EventDate "2022.11.20"]
[SourceTitle "Ajedrez en Madrid"]
[Source "lmi"]
[SourceDate "2022.11.20"]
[SourceVersion "1"]
[SourceVersionDate "2022.11.25"]
[SourceQuality "1"]
[WhiteTeam "Israel"]
[BlackTeam "Uzbekistan"]
[WhiteTeamCountry "ISR"]
[BlackTeamCountry "UZB"]

1. d4 Nf6 2. c4 g6 3. Nc3 Bg7 4. e4 d6 5. f3 O-O 6. Nge2 c5 7. Be3 Qa5 8. Nc1 cxd4 9. Nb3 Qb6 10. Bxd4 Qd8 11. Be2 Nc6 12. Be3 Be6 13. Rc1 Rc8 14. Nd5 Nd7 15. Qd2 a5 16. O-O a4 17. Na1 Nc5 18. Rfd1 f5 19. exf5 Bxf5 20. Kh1 Rf7 21. b4 axb3 22. Nxb3 b6 23. Nd4 Nxd4 24. Bxd4 Bxd4 25. Qxd4 g5 26. Qe3 h6 27. Rd2 Ra8 28. Rcd1 Kh7 29. Rb2 Ra6 30. Nb4 Ra8 31. Nd5 Ra6 1/2-1/2

[Event "13th World Teams Pool B"]
[Site "Jerusalem ISR"]
[Date "2022.11.20"]
[Round "2.1"]
[White "Sindarov, Javokhir"]
[Black "Nabaty, Tamir"]
[Result "1-0"]
[WhiteElo "2654"]
[BlackElo "2629"]
[PlyCount "109"]
[EventDate "2022.11.20"]
[SourceTitle "Ajedrez en Madrid"]
[Source "lmi"]
[SourceDate "2022.11.20"]
[SourceVersion "1"]
[SourceVersionDate "2022.11.25"]
[SourceQuality "1"]
[WhiteTeam "Uzbekistan"]
[BlackTeam "Israel"]
[WhiteTeamCountry "UZB"]
[BlackTeamCountry "ISR"]

1. e4 e5 2. Nf3 Nc6 3. Bc4 Bc5 4. Nc3 Nf6 5. d3 h6 6. h3 a6 7. Be3 d6 8. Bxc5 dxc5 9. O-O O-O 10. Nd5 Be6 11. Ne3 Qd6 12. Nh4 g6 13. Bxe6 Qxe6 14. f4 exf4 15. Rxf4 Rad8 16. b3 Nd4 17. Rf2 Nxe4 18. dxe4 Nf5 19. Qe1 Nxh4 20. g3 Rd4 21. Ng4 f5 22. Nh2 Rxe4 23. Qf1 Re8 24. gxh4 Rxh4 25. Nf3 Re4 26. Rd1 Re3 27. Qg2 Kh7 28. Qg3 Re7 29. Rg2 g5 30. Rf1 f4 31. Qg4 Qxg4 32. hxg4 Kg6 33. Rd2 Re2 34. Rf2 Rxd2 35. Rxd2 b6 36. Kf2 Kf6 37. Rd8 Re3 38. Rf8+ Ke7 39. Rc8 Rc3 40. Ne1 Kd6 41. Rh8 Rh3 42. Nf3 Kd5 43. c4+ Kc6 44. Nxg5 Rh2+ 45. Kf3 Rxa2 46. Rxh6+ Kd7 47. Kxf4 Rb2 48. Rh3 a5 49. Ne4 Ke6 50. g5 Rb1 51. g6 Rf1+ 52. Rf3 Rg1 53. Rg3 Rf1+ 54. Kg5 Rf8 55. g7 1-0

[Event "13th World Teams Pool B"]
[Site "Jerusalem ISR"]
[Date "2022.11.20"]
[Round "2.1"]
[White "Smirin, Ilia"]
[Black "Vokhidov, Shamsiddin"]
[Result "1/2-1/2"]
[WhiteElo "2596"]
[BlackElo "2568"]
[PlyCount "125"]
[EventDate "2022.11.20"]
[SourceTitle "Ajedrez en Madrid"]
[Source "lmi"]
[SourceDate "2022.11.20"]
[SourceVersion "1"]
[SourceVersionDate "2022.11.25"]
[SourceQuality "1"]
[WhiteTeam "Israel"]
[BlackTeam "Uzbekistan"]
[WhiteTeamCountry "ISR"]
[BlackTeamCountry "UZB"]

1. e4 e5 2. Nf3 Nc6 3. Bb5 Nge7 4. O-O g6 5. c3 a6 6. Ba4 Bg7 7. d4 exd4 8. cxd4 b5 9. Bc2 d5 10. e5 f6 11. exf6 Bxf6 12. Bg5 Qd6 13. Bxf6 Qxf6 14. Ne5 Nxe5 15. dxe5 Qxe5 16. Re1 Qd6 17. Nc3 O-O 18. Bb3 c6 19. Ne4 Qe5 20. Qd2 Nf5 21. Rad1 Ra7 22. Qc1 Kh8 23. Qc5 Re7 24. Ng3 Qd6 25. Qc3+ Qf6 26. Qc5 Rxe1+ 27. Rxe1 Nd4 28. f3 a5 29. Bc2 Nxc2 30. Qxc2 Bd7 31. Qc5 Kg7 32. Re7+ Rf7 33. Re2 a4 34. b3 axb3 35. axb3 Qa1+ 36. Kf2 h5 37. Re7 Qf6 38. Rxf7+ Kxf7 39. b4 Qf4 40. h3 Qh4 41. Qa7 Ke6 42. Qe3+ Kf7 43. Qa7 Qe7 44. Ne2 h4 45. Nd4 Be8 46. Qa3 Qe5 47. Qa7+ Qe7 48. Qa3 Bd7 49. Qc3 Qe5 50. Qc5 Qe7 51. Qc3 Qd6 52. Ne2 g5 53. Nd4 Qg3+ 54. Kf1 Qd6 55. Nb3 Kg6 56. Nd4 Qe5 57. Kf2 Kf7 58. Kf1 Qf6 59. Kf2 Kg7 60. Qe3 Kf7 61. Qc3 Qe5 62. Qc5 Qe7 63. Qc3 1/2-1/2

[Event "13th World Teams Pool B"]
[Site "Jerusalem ISR"]
[Date "2022.11.20"]
[Round "2.1"]
[White "Vakhidov, Jakhongir"]
[Black "Postny, Evgeny"]
[Result "1/2-1/2"]
[WhiteElo "2607"]
[BlackElo "2588"]
[PlyCount "113"]
[EventDate "2022.11.20"]
[SourceTitle "Ajedrez en Madrid"]
[Source "lmi"]
[SourceDate "2022.11.20"]
[SourceVersion "1"]
[SourceVersionDate "2022.11.25"]
[SourceQuality "1"]
[WhiteTeam "Uzbekistan"]
[BlackTeam "Israel"]
[WhiteTeamCountry "UZB"]
[BlackTeamCountry "ISR"]

1. c4 c6 2. Nc3 d5 3. d4 Nf6 4. cxd5 cxd5 5. Bf4 Nc6 6. e3 Bg4 7. f3 Bd7 8. g4 e6 9. Bd3 Bb4 10. Nge2 Qe7 11. a3 Bd6 12. Bxd6 Qxd6 13. Qc2 Rc8 14. Rd1 g6 15. h3 e5 16. dxe5 Qxe5 17. Kf2 O-O 18. f4 Qd6 19. g5 Nh5 20. Be4 Ne7 21. Qb3 Be6 22. Nxd5 Qc5 23. Nxe7+ Qxe7 24. Qxb7 Qxb7 25. Bxb7 Rb8 26. Bf3 Rxb2 27. Bxh5 gxh5 28. Kf3 Rb3 29. Ng3 h4 30. Nh5 Rxa3 31. Ra1 Rxa1 32. Rxa1 Ra8 33. Ra5 Bxh3 34. f5 Bf1 35. e4 h3 36. Kg3 h6 37. gxh6 Kh7 38. Ra1 Kxh6 39. Nf6 Bg2 40. Ng4+ Kg5 41. Nf2 a5 42. Ra4 Kf6 43. Nxh3 Rg8+ 44. Kh2 Bf1 45. e5+ Kxe5 46. Rxa5+ Kf6 47. Nf4 Rg4 48. Nh5+ Kg5 49. Ng3 Bd3 50. Rd5 Be4 51. Nxe4+ Rxe4 52. Kg3 f6 53. Ra5 Rg4+ 54. Kf3 Rf4+ 55. Kg3 Rxf5 56. Rxf5+ Kxf5 57. Kf3 1/2-1/2